| 000 | 00843nam a22002177a 4500 | ||
|---|---|---|---|
| 999 |
_c1515 _d1515 |
||
| 003 | AR-CdUCM | ||
| 008 | 190227b ||||| |||| 00| 0 spa d | ||
| 020 | _a9681619595 | ||
| 040 |
_aMUNICIPALIDAD PROVINCIAL DEL CUSCO _cBIBLIOTECA MUNICIPAL DEL CUSCO |
||
| 082 |
_a082.974 / _bD34 |
||
| 100 |
_aDe La Maza, Francisco _95725 |
||
| 245 |
_aLa ciudad de México en el siglo XVII / _cFrancisco de la Maza |
||
| 260 |
_aMéxico, D.F : _bFondo de cultura económica, _c1968. |
||
| 300 |
_a135 paginas ; _b59 fotografías. _c21 cm. |
||
| 505 | _aLos artesones de oro -- Bóvedas, cúpulas, tezontle -- La ciudad y sus habitantes -- Las inundaciones -- La universidad y la imprenta ... | ||
| 650 |
_aLiteratura Mexicana _94259 |
||
| 650 |
_aRenacentista _95726 |
||
| 650 |
_aConquistadores _91283 |
||
| 942 |
_2ddc _cLIBROS |
||
| 945 |
_aacv _d2019-02-27 |
||